[Event "POL-chT Academic"]
[Site "Katowice"]
[Date "2020.11.15"]
[Round "9.10"]
[White "Klepek, Witold"]
[Black "Trybowska, Anna"]
[Result "1-0"]
[WhiteElo "2170"]
[BlackElo "1593"]
[PlyCount "65"]
[EventDate "2020.11.14"]
[EventType "team-swiss (rapid)"]
[EventRounds "9"]
[EventCountry "POL"]
[SourceTitle "CBM 199 Extra"]
[Source "ChessBase"]
[SourceDate "2021.01.31"]
[SourceVersion "1"]
[SourceVersionDate "2021.01.31"]
[SourceQuality "1"]
[WhiteTeam "Krakow Gorniczo Hutnicza Akad"]
[BlackTeam "Rzeszow Univ"]
[WhiteTeamCountry "POL"]
[BlackTeamCountry "POL"]

1. e4 c5 2. Nf3 Nc6 3. Nc3 g6 4. Bb5 d6 5. 0-0 Bg7 6. Bxc6+ bxc6 7. h3 Nf6 8. d3 0-0 9. Be3 Rb8 10. Rb1 Qc7 11. Qd2 e5 12. Bh6 d5 13. Bxg7 Kxg7 14. Rfe1 d4 15. Na4 Qe7 16. Kh2 Nh5 17. g3 h6 18. b3 f5 19. Qe2 fxe4 20. Qxe4 Qf6 21. Nxe5 Qxf2+ 22. Qg2 Qf6 23. Nxc5 Qd6 24. b4 Re8 25. Qxc6 Qxc6 26. Nxc6 Rxe1 27. Rxe1 Rb6 28. Re7+ Kf6 29. Rc7 Be6 30. Ne4+ Kf5 31. Ne7+ Ke5 32. Rc5+ Bd5 33. Nxd5 1-0

[Event "POL-chT Academic"]
[Site "Katowice"]
[Date "2020.11.14"]
[Round "1.4"]
[White "Trybowska, Anna"]
[Black "Kiolbasa, Oliwia"]
[Result "0-1"]
[WhiteElo "1593"]
[BlackElo "2260"]
[PlyCount "100"]
[EventDate "2020.11.14"]
[EventType "team-swiss (rapid)"]
[EventRounds "9"]
[EventCountry "POL"]
[SourceTitle "CBM 199 Extra"]
[Source "ChessBase"]
[SourceDate "2021.01.31"]
[SourceVersion "1"]
[SourceVersionDate "2021.01.31"]
[SourceQuality "1"]
[WhiteTeam "Rzeszow Univ"]
[BlackTeam "Warszawa Kozminskiego Akad"]
[WhiteTeamCountry "POL"]
[BlackTeamCountry "POL"]

1. d4 d5 2. c4 dxc4 3. Nc3 a6 4. e3 b5 5. a4 b4 6. Na2 e6 7. Bxc4 Bb7 8. Nf3 Nf6 9. 0-0 Nbd7 10. Bd2 a5 11. Rc1 Be7 12. Bb5 Bd5 13. b3 0-0 14. Re1 c5 15. Bc4 Bxc4 16. Rxc4 Ne4 17. dxc5 Ndxc5 18. Qc2 Qd5 19. Nxb4 axb4 20. Bxb4 Rfd8 21. Rxe4 Nxe4 22. Bxe7 Rac8 23. Qb2 Rd7 24. Ba3 Rc3 25. Nd4 e5 26. f3 exd4 27. fxe4 Qxb3 28. Qxb3 Rxb3 29. Bc5 d3 30. Rd1 Rc7 31. Bd4 Rc2 32. Kf1 Ra2 33. a5 Rxa5 34. Rd2 f6 35. Kf2 Kf7 36. Kf3 Ra4 37. e5 fxe5 38. Bxe5 Rc4 39. e4 Rc1 40. Ke3 Re1+ 41. Kd4 Re2 42. Rxd3 Rxd3+ 43. Kxd3 Rxg2 44. Ke3 Ke6 45. Bg3 g5 46. Kf3 Ra2 47. Kg4 Kf6 48. e5+ Kg6 49. h4 h5+ 50. Kh3 g4# 0-1

[Event "POL-chT3 Podkarpackie"]
[Site "Czudec"]
[Date "2016.05.29"]
[Round "4.24"]
[White "Starzec, Klaudia"]
[Black "Trybowska, Anna"]
[Result "0-1"]
[WhiteElo "1275"]
[BlackElo "1555"]
[PlyCount "110"]
[EventDate "2016.05.27"]
[EventType "team-tourn"]
[EventRounds "9"]
[EventCountry "POL"]
[SourceTitle "EXT 2018"]
[Source "ChessBase"]
[SourceDate "2017.10.13"]
[SourceVersion "1"]
[SourceVersionDate "2017.10.13"]
[SourceQuality "1"]
[WhiteTeam "Sedziszow Malopolski"]
[BlackTeam "Bystrowice"]
[WhiteTeamCountry "POL"]
[BlackTeamCountry "POL"]

1. d4 d5 2. e3 Nf6 3. Bd3 Nc6 4. f4 e6 5. Nf3 Ne7 6. Bd2 Ng6 7. Ne5 c5 8. c3 c4 9. Bc2 Nd7 10. 0-0 Bd6 11. Be1 Qb6 12. Qc1 Ne7 13. Nd2 g6 14. Ndf3 f6 15. Nxd7 Bxd7 16. Bf2 Qa5 17. e4 dxe4 18. Bxe4 Nd5 19. g3 Bc6 20. Re1 f5 21. Bxd5 Qxd5 22. Re3 g5 23. fxg5 f4 24. gxf4 Bxf4 25. Rxe6+ Qxe6 26. Qxf4 Rf8 27. Qe5 Qxe5 28. Nxe5 Rf5 29. h4 Bd5 30. Re1 0-0-0 31. Ng4 Rd7 32. Re8+ Kc7 33. Bg3+ Kb6 34. Nf6 Rg7 35. Rd8 Bf3 36. Be5 Rf7 37. Rd6+ Kb5 38. Rd8 Ka6 39. Rc8 Kb5 40. Rc5+ Ka6 41. Rxc4 h6 42. Ra4+ Kb6 43. Rb4+ Ka6 44. Ra4+ Kb6 45. Bb8 a5 46. b4 hxg5 47. bxa5+ Ka6 48. Ne8 Bc6 49. Ra3 Bxe8 50. Rb3 Rxa5 51. c4 Rxa2 52. c5 Bc6 53. Rb6+ Ka5 54. Rb1 Rg2+ 55. Kh1 Rb2+ 0-1

[Event "POL-chT3 Podkarpackie"]
[Site "Czudec"]
[Date "2016.05.29"]
[Round "5.18"]
[White "Trybowska, Anna"]
[Black "Godek, Martyna"]
[Result "1/2-1/2"]
[WhiteElo "1555"]
[BlackElo "1435"]
[PlyCount "70"]
[EventDate "2016.05.27"]
[EventType "team-tourn"]
[EventRounds "9"]
[EventCountry "POL"]
[SourceTitle "EXT 2018"]
[Source "ChessBase"]
[SourceDate "2017.10.13"]
[SourceVersion "1"]
[SourceVersionDate "2017.10.13"]
[SourceQuality "1"]
[WhiteTeam "Bystrowice"]
[BlackTeam "Mielec"]
[WhiteTeamCountry "POL"]
[BlackTeamCountry "POL"]

1. d4 d5 2. c4 e6 3. Nc3 Nf6 4. Bg5 Be7 5. e3 0-0 6. c5 b6 7. b4 c6 8. Nf3 Nbd7 9. Bd3 h6 10. Bh4 b5 11. 0-0 a5 12. a3 a4 13. Bc2 Qc7 14. Bg3 Qb7 15. Be5 Nxe5 16. Nxe5 Nd7 17. Nxd7 Qxd7 18. Qd3 f5 19. Ne2 Bg5 20. g3 Qc7 21. h4 Bf6 22. Nf4 Bd7 23. Nh5 Qd8 24. Nxf6+ Qxf6 25. Kg2 e5 26. dxe5 Qxe5 27. Qd4 Qxd4 28. exd4 Rae8 29. Rfe1 g6 30. Kf3 Kf7 31. Re3 Kf6 32. Rae1 Rxe3+ 33. Rxe3 Re8 34. Rxe8 Bxe8 35. Ke3 g5 1/2-1/2

[Event "POL-ch U18 Girls"]
[Site "Szklarska Poreba"]
[Date "2016.03.13"]
[Round "1"]
[White "Trybowska, Anna"]
[Black "Topolan, Agata"]
[Result "0-1"]
[WhiteElo "1573"]
[BlackElo "1889"]
[PlyCount "110"]
[EventDate "2016.03.13"]
[EventType "swiss"]
[EventRounds "9"]
[EventCountry "POL"]
[SourceTitle "EXT 2018"]
[Source "ChessBase"]
[SourceDate "2017.10.13"]
[SourceVersion "1"]
[SourceVersionDate "2017.10.13"]
[SourceQuality "1"]

1. d4 d5 2. c4 c6 3. Nc3 Nf6 4. Bg5 dxc4 5. e3 b5 6. a4 b4 7. Na2 Ne4 8. Bf4 b3 9. Nc3 Nxc3 10. bxc3 Bf5 11. Qc1 Qd5 12. f3 Bc2 13. e4 Qe6 14. Nh3 h6 15. Nf2 f5 16. e5 g5 17. Bd2 Nd7 18. Nd1 a5 19. Ne3 Bd3 20. Bxd3 cxd3 21. Qb1 f4 22. Nd1 Nxe5 23. 0-0 Nc4 24. Qxb3 Qd5 25. Ra2 Ra6 26. Qb8+ Kf7 27. Re1 Rb6 28. Qc7 Rb1 29. Qa7 Nb6 30. Rb2 Rxb2 31. Nxb2 Nc8 32. Qa6 Bg7 33. Qxd3 c5 34. Qc4 Qxc4 35. Nxc4 cxd4 36. Ne5+ Bxe5 37. Rxe5 Nb6 38. cxd4 Nc4 39. Re2 Nxd2 40. Rxd2 Rb8 41. d5 Rb4 42. d6 exd6 43. Rxd6 Kg7 44. Rd7+ Kg6 45. Rd6+ Kh5 46. g4+ fxg3 47. hxg3 Rxa4 48. Kh2 g4 49. Rd5+ Kg6 50. fxg4 Ra1 51. Kg2 a4 52. Ra5 a3 53. Kf2 a2 54. Ra6+ Kg5 55. Ra4 Rh1 0-1

[Event "POL-ch U18 Girls"]
[Site "Karpacz"]
[Date "2015.??.??"]
[Round "2"]
[White "Kiolbasa, Oliwia"]
[Black "Trybowska, Anna"]
[Result "1-0"]
[WhiteElo "2151"]
[BlackElo "1505"]
[PlyCount "71"]
[EventDate "2015.03.??"]
[EventType "swiss"]
[EventRounds "9"]
[EventCountry "POL"]
[SourceTitle "EXT 2017"]
[Source "ChessBase"]
[SourceDate "2016.10.25"]
[SourceVersion "1"]
[SourceVersionDate "2016.10.25"]
[SourceQuality "1"]

1. e4 e5 2. Nf3 Nc6 3. Bb5 d6 4. d4 exd4 5. Nxd4 Bd7 6. Bxc6 Bxc6 7. Nxc6 bxc6 8. Nc3 Ne7 9. 0-0 Ng6 10. Qd4 h6 11. Be3 Qd7 12. Rad1 f6 13. f4 Be7 14. Qc4 a6 15. Na4 Nf8 16. Nc5 Qc8 17. Nb3 c5 18. e5 Nd7 19. exd6 cxd6 20. Qe4 Kf7 21. Rf3 Nb6 22. f5 h5 23. c4 Ra7 24. Bf4 Re8 25. Bg3 d5 26. cxd5 Bd8 27. Qh4 g6 28. fxg6+ Kxg6 29. Bf2 c4 30. Nc5 Re5 31. Ne6 Rd7 32. Rg3+ Kh6 33. Be3+ Rxe3 34. Qf4+ Kh7 35. Nf8+ Kh8 36. Qh6+ 1-0

[Event "POL-ch U18 Girls"]
[Site "Karpacz"]
[Date "2015.??.??"]
[Round "7"]
[White "Trybowska, Anna"]
[Black "Ostrowska, Joanna"]
[Result "1/2-1/2"]
[WhiteElo "1505"]
[BlackElo "1604"]
[PlyCount "60"]
[EventDate "2015.03.??"]
[EventType "swiss"]
[EventRounds "9"]
[EventCountry "POL"]
[SourceTitle "EXT 2017"]
[Source "ChessBase"]
[SourceDate "2016.10.25"]
[SourceVersion "1"]
[SourceVersionDate "2016.10.25"]
[SourceQuality "1"]

1. d4 d5 2. c4 Nf6 3. Nc3 c6 4. Bg5 h6 5. Bh4 Bf5 6. e3 e6 7. Nf3 Nbd7 8. c5 Be7 9. Be2 0-0 10. 0-0 Ne4 11. Bxe7 Qxe7 12. Nxe4 dxe4 13. Nd2 Qg5 14. Kh1 Nf6 15. Nc4 Rab8 16. f4 Qh4 17. Ne5 h5 18. Qe1 Qxe1 19. Rfxe1 Rfd8 20. Rg1 Ng4 21. Bxg4 hxg4 22. a4 f6 23. Nc4 Bg6 24. h3 Kf7 25. Kh2 Rh8 26. Kg3 gxh3 27. gxh3 Bf5 28. Nd6+ Ke7 29. Nxf5+ exf5 30. Kh2 Rhe8 1/2-1/2